000 00932nam a2200301Ia 4500
003 OSt
005 20220928131417.0
006 a|||||r|||| 00| 0
007 ta
008 220927b |||||||| |||| 00| 0 eng d
020 _cUKP 175.00
024 _a137737
037 _b119, 13/03/2018, Eastern Media
_cTextual
040 _aSDCL
_cSDCL
_beng
041 _2eng
_aeng
082 _aV1:71'P, Q7
100 _aHodos Tamar Ed.
_9477976
245 0 _aRoutledge handbook of archaeology and globalization
260 _aNew York
_b Routledge
_c2017
300 _axxiv,970p.
_ccm.
490 _aRoutledge Handbooks
650 _aHistory
700 _a Geurds Alexander
_9477977
700 _a Lane Paul
_9477978
700 _a Lilley Ian
_9477979
942 _hV1:71'P, Q7
_cTEXL
_2CC
999 _c790492
_d790492